War on terrorism in Southeast Asia / Rommel C. Banlaoi. (Record no. 353)

000 -LEADER
fixed length control field 00428nam a22001457a 4500
020 ## - INTERNATIONAL STANDARD BOOK NUMBER
ISBN 9212340317
082 ## - DEWEY DECIMAL CLASSIFICATION NUMBER
Classification number 303.625
Item number B2189 2004
100 ## - MAIN ENTRY--AUTHOR NAME
Personal name Banlaoi, Rommel C., author.
245 ## - TITLE STATEMENT
Title War on terrorism in Southeast Asia / Rommel C. Banlaoi.
260 ## - PUBLICATION, DISTRIBUTION, ETC. (IMPRINT)
Place of publication Manila :
Name of publisher Rex Book Store,
Year of publication c2004.
300 ## - PHYSICAL DESCRIPTION
Number of Pages x, 233 pages ;
Other physical details 23 cm.
650 ## - SUBJECT ADDED ENTRY--TOPICAL TERM
Topical Term Terrorism – Southeast Asia.
650 ## - SUBJECT ADDED ENTRY--TOPICAL TERM
Topical Term War – Southeast Asia.
942 ## - ADDED ENTRY ELEMENTS (KOHA)
Koha item type Books

No copies available.

Cagayan State University University Library, Carig Campus
Tuguegarao City, Cagayan 3500 | www.csucarig.edu.ph

Powered by Koha